La lectura de la otredad /

Na minha lista:
Detalhes bibliográficos
Autor principal: Gaínza Álvarez, Lizandro Gastón
Formato: Desconhecido
Assuntos:
Tags: Adicionar Tag
Sem tags, seja o primeiro a adicionar uma tag!

MARC

LEADER 000000000a22000000004500
001 005759
100 1 |a Gaínza Álvarez, Lizandro Gastón 
245 1 3 |a La lectura de la otredad /   |c Lizandro Gastón Gaínza Álvarez. 
310 |a Semestral 
650 4 |a DIALOGISMO 
650 4 |a LINGÜÍSTICA 
650 4 |a LITERATURA 
650 4 |a ESTÉTICA 
773 0 |d Heredia, Costa Rica : Editorial de la Universidad Nacional  |t Letras  |g número 29-30 (1992-1993), páginas 7-20 
942 |c ARC 
999 |c 12513  |d 12513